MARC details
| 000 -CABECERA |
| campo de control de longitud fija |
02065nam a2200337 a 4500 |
| 001 - NÚMERO DE CONTROL |
| campo de control |
BRCA_3032 |
| 005 - FECHA Y HORA DE LA ÚLTIMA TRANSACCIÓN |
| campo de control |
20190320204057.0 |
| 008 - DATOS DE LONGITUD FIJA--INFORMACIÓN GENERAL |
| campo de control de longitud fija |
210109s1768----gw-a---###---#000-0#fre-u |
| 041 ## - CÓDIGO DE LENGUA |
| Código de lengua del texto/banda sonora o título independiente |
fre |
| 044 ## - CÓDIGO DEL PAÍS DE LA ENTIDAD EDITORA/PRODUCTORA |
| Código MARC del país |
gw |
| 084 ## - OTRO NÚMERO DE CLASIFICACIÓN |
| Número de clasificación |
344 |
| Número de documento/Ítem |
.A75 |
| -- |
1768 |
| 100 1# - ENTRADA PRINCIPAL--NOMBRE DE PERSONA |
| Nombre de persona |
Cervantes Saavedra, Miguel de |
| Fechas asociadas al nombre |
1547-1616 |
| 9 (RLIN) |
213 |
| 245 10 - MENCIÓN DE TÍTULO |
| Título |
Histoire de L´Admirable Don Quichotte de la Manche |
| Mención de responsabilidad, etc. |
Miguel de Cervantes Saavedra. |
| 260 ## - PUBLICACIÓN, DISTRIBUCIÓN, ETC. |
| Lugar de publicación, distribución, etc. |
Amsterdam : Leipzig |
| Nombre del editor, distribuidor, etc. |
Arkstée et Merkus |
| Fecha de publicación, distribución, etc. |
1768 |
| 300 ## - DESCRIPCIÓN FÍSICA |
| Extensión |
6 v. |
| Otras características físicas |
il. |
| Dimensiones |
19 cm. |
| 440 #0 - MENCIÓN DE SERIE/PUNTO DE ACCESO ADICIONAL--TÍTULO |
| Título |
Oeuvres diverses de Michel de Cervantes Saavedra |
| Número de parte o sección de la obra |
I y VIII |
| 9 (RLIN) |
8330 |
| 500 ## - NOTA GENERAL |
| Nota general |
Contenido : v 1. Primera parte. Retrato de Cervantes. Aviso editorial. advertencia del traductor. Texto. -- v 2. Texto. -- v 3. Segunda parte. Texto. -- v 4. Texto. -- v 5. Primera parte de la continuación por el traductor. -- v 6. Segunda parte de la continuación por el traductor |
| 500 ## - NOTA GENERAL |
| Nota general |
Edición : Traduite de l´Espagnol de Michel de Cervantes. Enrichie des belles figures dessinées de Coypel et gravées par Folkema et Fokke |
| 500 ## - NOTA GENERAL |
| Nota general |
Tuvo por modelo la edición parisiense de 1741. Se distingue por el refinado arte tipográfico, pues su impresión, tipos finos y con grandes márgenes, hacen de esta edición una de las más bellas que en Holanda se publicaron durante el siglo XVIII. Reálzanla las finísimas láminas de Coypel, grabadas con pulcritud por Folkema y Fokke así como el famoso retrato de Cervantes, copia del que dibujó Kent. Semipiel; lomeras decoradas con dorados Lúdovik Osterc |
| 500 ## - NOTA GENERAL |
| Nota general |
QM269 |
| 546 ## - NOTA DE LENGUA/LENGUAJE |
| Nota de lengua/lenguaje |
Texto en : francés |
| 650 14 - PUNTO DE ACCESO ADICIONAL DE MATERIA--TÉRMINO DE MATERIA |
| Término de materia o nombre geográfico como elemento de entrada |
Novela española |
| Subdivisión cronológica |
Época clásica, 1500-1700 |
| 9 (RLIN) |
215 |
| 650 14 - PUNTO DE ACCESO ADICIONAL DE MATERIA--TÉRMINO DE MATERIA |
| Término de materia o nombre geográfico como elemento de entrada |
Literatura española |
| Subdivisión cronológica |
Época clásica, 1500-1700 |
| 9 (RLIN) |
216 |
| 650 14 - PUNTO DE ACCESO ADICIONAL DE MATERIA--TÉRMINO DE MATERIA |
| Término de materia o nombre geográfico como elemento de entrada |
Novela española |
| Subdivisión cronológica |
Siglo XVII |
| 9 (RLIN) |
217 |
| 650 14 - PUNTO DE ACCESO ADICIONAL DE MATERIA--TÉRMINO DE MATERIA |
| Término de materia o nombre geográfico como elemento de entrada |
Don Quijote (Personaje ficiticio) |
| Término indicativo de función/relación |
Novela |
| 9 (RLIN) |
7592 |
| 700 1# - PUNTO DE ACCESO ADICIONAL--NOMBRE DE PERSONA |
| Nombre de persona |
Saint-Martin, Francois Filleau de |
| Fechas asociadas al nombre |
1632-1695 |
| Término indicativo de función/relación |
Traductor |
| 9 (RLIN) |
8331 |
| 700 1# - PUNTO DE ACCESO ADICIONAL--NOMBRE DE PERSONA |
| Nombre de persona |
Coypel, Charles-Antone |
| Fechas asociadas al nombre |
1694-1752 |
| Término indicativo de función/relación |
Ilustrador |
| 9 (RLIN) |
8332 |
| 740 0# - PUNTO DE ACCESO ADICIONAL--TÍTULO RELACIONADO O ANALÍTICO NO CONTROLADO |
| Título relacionado o analítico no controlado |
El Ingenioso Hidalgo Don Quijote de la Mancha |
| 902 ## - CATALOGADOR |
| Iniciales |
QFM |
| 942 ## - ELEMENTOS DE PUNTO DE ACCESO ADICIONAL (KOHA) |
| Fuente del sistema de clasificación o colocación |
Library of Congress Classification |
| Tipo de ítem Koha |
Libros |